banner koha

Outcome of adjuvant chemotherapy with lomustine, vinblastine and chlorambucil on management of canine mast cell tumour of high to intermediate risk (Registro n. 300772)

MARC details
000 -LÍDER
fixed length control field 04130nab a2200313 i 4500
003 - CÓDIGO MARC DA AGÊNCIA CATALOGADORA
Campo de controle BR-BrBNA
005 - DATA E HORA DA ÚLTIMA ATUALIZAÇÃO
Campo de controle 20240807123614.0
008 - CAMPO DE TAMANHO FIXO
fixed length control field 240807b2017 bl.|r|pooa||| 00| 0 eng |
040 ## - FONTE DA CATALOGAÇÃO
Agência catalogadora BR-BrBNA
Idioma da catalogação eng
072 ## - CATEGORIA AGRIS
Código AGRIS L70
Código do objeto 5400
100 ## - ENTRADA PRINCIPAL - NOME PESSOAL
Nome pessoal Horta, R.S.
100 ## - ENTRADA PRINCIPAL - NOME PESSOAL
Nome pessoal Lavalle, G.E.
100 ## - ENTRADA PRINCIPAL - NOME PESSOAL
Nome pessoal Costa, M.P.
100 ## - ENTRADA PRINCIPAL - NOME PESSOAL
Nome pessoal Moura, L.L.
100 ## - ENTRADA PRINCIPAL - NOME PESSOAL
Nome pessoal Marcinowska, A.
100 ## - ENTRADA PRINCIPAL - NOME PESSOAL
Nome pessoal Araújo, R.B.
245 ## - TÍTULO PRINCIPAL
Título principal Outcome of adjuvant chemotherapy with lomustine, vinblastine and chlorambucil on management of canine mast cell tumour of high to intermediate risk
500 ## - NOTA GERAL
Nota geral <br/>Publicação online; 33 ref.; 3 tables; Summaries (En, Pt)
942 ## - ADDED ENTRY ELEMENTS (KOHA)
Koha item type
520 ## - NOTA DE RESUMO
Nota de conteúdo <br/><br/>ABSTRACT - In spite of the many available protocols, the use of chemotherapy for the management of canine mast cell tumours (MCT) remains empirical, and there is lack of criteria for the choice of protocol and definition of patients who may benefit from treatment. The objective of this study was to evaluate the outcome of dogs with MCT after adjuvant chemotherapy according to the risk of recurrence or metastasis proposed on the literature. This prospective study included 89 followed up dogs with prognosis assesment including clinical, histological, immunohistochemical and genetic features of canine MCT. Patients were grouped according to risk of recurrence and metastasis and recommended treatment with lomustine followed by chlorambucil if considered at high-risk, or vinblastine followed by chlorambucil if a patient was at intermediate risk. Outcome was defined by disease-free interval (DFI) and overall survival (OS) estimated by Kaplan-Meier curve. Adjuvant lomustine was useful for control of canine MCT of high-risk of recurrence or metastasis, but only when sequentially associated to chlorambucil with a DFI of 686 days and not reached OS. There was no difference in outcome in the intermediate-risk group despite choosen treatment. Patients at intermediate-to-low risk may not require adjuvant treatments, even in the absence of free surgical margins.<br/><br/><br/>Keywords: dog, neoplasm, mast cells, Ki-67, c-kit
520 ## - NOTA DE RESUMO
Nota de conteúdo <br/><br/>RESUMO - Apesar dos inúmeros protocolos disponíveis, o uso da quimioterapia permanece empírico para o mastocitoma canino e faltam critérios para escolha do protocolo e da definição dos pacientes que poderiam se beneficiar do tratamento. O objetivo deste estudo foi avaliar o resultado de cães com mastocitoma após a quimioterapia adjuvante, de acordo com o risco de recorrência ou metástase proposto na literatura. Este estudo prospectivo incluiu 89 cães com acompanhamento clínico e avaliação prognóstica, incluindo características clínicas, histológicas, imuno-histoquímicas e genéticas dos mastocitomas. Os pacientes foram agrupados segundo o risco de recorrência ou metástase, sendo<br/>recomendado tratamento com lomustina seguida de clorambucila, se considerados sob alto risco, ou vimblastina seguida de clorambucila, se estivessem sob risco intermediário. O resultado final foi definido pelo intervalo livre de doença (ILD) e pela sobrevida global (SG), estimados pela curva de KaplanMeier. Na adjuvância, a lomustina foi útil no controle do mastocitoma canino de alto risco, mas apenas quando associada ao clorambucila, com um ILD de 686 dias, sem atingir a mediana para SG. Não houve diferença no grupo de risco intermediário, independentemente do tratamento escolhido. Pacientes de risco intermediário podem não necessitar de tratamentos adjuvantes, mesmo na ausência de margens<br/>cirúrgicas livres.<br/><br/><br/>Palavras-chave: cão, neoplasia, mastócitos, Ki-67, c-kit
650 ## - ASSUNTO - THESAGRO
Cabeçalho tópico ou nome geográfico CÃO
650 ## - ASSUNTO - THESAGRO
Cabeçalho tópico ou nome geográfico NEOPLASIA
650 ## - ASSUNTO - THESAGRO
Cabeçalho tópico ou nome geográfico QUIMIOTERAPIA
650 ## - ASSUNTO - THESAGRO
Cabeçalho tópico ou nome geográfico VETERINÁRIA
773 0# - ENTRADA ANALÍTICA
Host Biblionumber 1643
Registro do item 316504
Imprenta Belo Horizonte-MG Universidade Federal de Minas Gerais - Escola de Veterinaria 1983
Outro identificador 2024-2999
Título Arquivo Brasileiro de Medicina Veterinária e Zootecnia (Brazil)
ISSN 0102-0935
Colação v. 69(6) p. 1426-1436; (2017)
Número de controle de registro BR2026002230
856 ## - ACESSO E ENDEREÇO ELETRÔNICO
Identificador uniforme de recurso - URI https://www.scielo.br/j/abmvz/a/TsdGvgKc3qq3GVZCC55Jjgc/?format=pdf&lang=en

Nenhum exemplar disponível.

BINAGRI

Telefone: (61)3218-2567/2388/3357/2097 - binagri@agro.gov.br

Ministério da Agricultura e Pecuária , Esplanada dos Ministérios, Bloco D, Anexo B, Brasília/DF, CEP: 70.043-900